[Event "Ciudad del Este Patriarca Memorial"]
[Site "Ciudad del Este"]
[Date "2015.02.17"]
[Round "9"]
[White "Britez, G Jorge A"]
[Black "Quenallata, Luciano"]
[Result "0-1"]
[WhiteElo "1844"]
[BlackElo "2170"]
[PlyCount "84"]
[EventDate "2015.02.11"]
[EventType "tourn"]
[EventRounds "9"]
[EventCountry "PAR"]
[SourceTitle "EXT 2018"]
[Source "ChessBase"]
[SourceDate "2017.10.13"]
[SourceVersion "1"]
[SourceVersionDate "2017.10.13"]
[SourceQuality "1"]

1. e4 c5 2. Nf3 d6 3. d4 cxd4 4. Nxd4 Nf6 5. Nc3 g6 6. Be3 Bg7 7. f3 Nc6 8. Qd2 0-0 9. 0-0-0 Nxd4 10. Bxd4 Be6 11. Kb1 Qc7 12. g4 Rfc8 13. h4 Qa5 14. Qg5 Qxg5 15. hxg5 Nd7 16. Bxg7 Kxg7 17. Rh4 f6 18. gxf6+ Nxf6 19. Be2 g5 20. Rh2 h6 21. Rdh1 Rh8 22. Nb5 Bf7 23. Nd4 e6 24. Bc4 Rae8 25. Nb5 d5 26. exd5 exd5 27. Bd3 h5 28. gxh5 Rxh5 29. Rxh5 Bxh5 30. Rg1 Kf8 31. Kc1 Re5 32. Rg3 Be8 33. Nd6 Bc6 34. Nf5 Ne4 35. fxe4 dxe4 36. Rxg5 exd3 37. cxd3 Bd7 38. Rg7 Bxf5 39. Rxb7 Ra5 40. a3 Bxd3 41. Kd2 Be4 42. Kc3 Bxb7 0-1

[Event "Buenos Aires CC Argentino op1"]
[Site "Buenos Aires"]
[Date "2014.07.21"]
[Round "7"]
[White "Sotelo, Noe"]
[Black "Quenallata, Luciano"]
[Result "0-1"]
[WhiteElo "1982"]
[BlackElo "2161"]
[PlyCount "90"]
[EventDate "2014.07.02"]
[EventType "swiss"]
[EventRounds "9"]
[EventCountry "ARG"]
[SourceTitle "EXT 2016"]
[Source "ChessBase"]
[SourceDate "2015.10.08"]
[SourceVersion "1"]
[SourceVersionDate "2015.10.08"]
[SourceQuality "1"]

1. e4 e6 2. d4 d5 3. Nd2 Nc6 4. Ngf3 Nf6 5. e5 Nd7 6. Nb3 Be7 7. Bb5 0-0 8. 0-0 Re8 9. Re1 a6 10. Bxc6 bxc6 11. Na5 Nb8 12. Be3 Bb4 13. Bd2 c5 14. Bxb4 cxb4 15. a3 Qe7 16. Qd2 bxa3 17. Rxa3 c5 18. dxc5 Qxc5 19. Rc3 Qxa5 20. Rxc8 Qb5 21. Nd4 Qd7 22. Rc5 Rc8 23. Qc3 Rxc5 24. Qxc5 Ra7 25. Ra1 Rc7 26. Qb4 Rb7 27. Qc3 Qc7 28. Qxc7 Rxc7 29. Kf1 g5 30. h4 gxh4 31. f4 Nc6 32. Nxc6 Rxc6 33. c3 Rc4 34. Rxa6 d4 35. cxd4 Rxd4 36. Rb6 Rxf4+ 37. Kg1 Kg7 38. Kh2 Kg6 39. Rb7 Rg4 40. Kh3 Rg3+ 41. Kh2 Re3 42. Rb5 h6 43. Kg1 h3 44. gxh3 Rxh3 45. Kg2 Rd3 0-1

[Event "Buenos Aires CC Argentino-ch"]
[Site "Buenos Aires"]
[Date "2013.10.17"]
[Round "1.2"]
[White "Cuevas, Alex"]
[Black "Quenallata, Luciano"]
[Result "1-0"]
[WhiteElo "2291"]
[BlackElo "2140"]
[PlyCount "97"]
[EventDate "2013.10.16"]
[EventType "k.o."]
[EventRounds "10"]
[EventCountry "ARG"]
[SourceTitle "EXT 2016"]
[Source "ChessBase"]
[SourceDate "2015.10.08"]
[SourceVersion "1"]
[SourceVersionDate "2015.10.08"]
[SourceQuality "1"]

1. c4 e6 2. Nf3 Nf6 3. g3 b6 4. Bg2 Bb7 5. 0-0 c5 6. b3 Be7 7. Bb2 d5 8. e3 dxc4 9. bxc4 0-0 10. Qe2 Qc7 11. Na3 Nc6 12. Nb5 Qb8 13. Rfd1 a6 14. Nc3 Qc7 15. Rac1 Rac8 16. Ne1 Na5 17. f4 Bxg2 18. Nxg2 Rfd8 19. g4 Qd7 20. g5 Ne8 21. d3 Nd6 22. a4 Nc6 23. Rf1 Nf5 24. Rcd1 Nb4 25. Rf3 e5 26. fxe5 Bxg5 27. Nd5 Rc6 28. Rdf1 Nh6 29. Rg3 Rg6 30. e4 Nxd5 31. cxd5 Qxa4 32. Qf3 Qc2 33. Ba1 c4 34. dxc4 Qxc4 35. h4 Be7 36. d6 Bf8 37. Rg5 Qe6 38. Nf4 Rxg5+ 39. hxg5 Qg4+ 40. Qxg4 Nxg4 41. Nd5 b5 42. Bd4 Re8 43. Nc7 Rd8 44. Ra1 f6 45. Ne6 Ra8 46. Nxf8 fxe5 47. Ne6 exd4 48. d7 b4 49. Rxa6 1-0

[Event "Buenos Aires Duchamp Boca op 3rd"]
[Site "Buenos Aires"]
[Date "2013.06.28"]
[Round "8"]
[White "Quenallata, Luciano"]
[Black "Moscato, Nestor Eduardo"]
[Result "0-1"]
[WhiteElo "2168"]
[BlackElo "1931"]
[PlyCount "94"]
[EventDate "2013.06.20"]
[EventType "swiss"]
[EventRounds "9"]
[EventCountry "ARG"]
[SourceTitle "CBM 155 Extra"]
[Source "ChessBase"]
[SourceDate "2013.08.26"]
[SourceVersion "1"]
[SourceVersionDate "2013.08.26"]
[SourceQuality "1"]

1. e4 e6 2. c4 d5 3. exd5 exd5 4. d4 Nf6 5. Nf3 Bb4+ 6. Nc3 0-0 7. Be2 Ne4 8. Qb3 Qe7 9. Be3 Be6 10. 0-0 Bxc3 11. bxc3 c6 12. Rfb1 b6 13. a4 Nd7 14. a5 dxc4 15. Bxc4 Bg4 16. Nd2 b5 17. Bd3 Bf5 18. Nxe4 Bxe4 19. Bg5 Qxg5 20. Bxe4 Rac8 21. Re1 a6 22. Re3 Nf6 23. Bf3 Ng4 24. Re4 Nf6 25. Re5 Qf4 26. Rae1 Rfe8 27. Qd1 Rxe5 28. dxe5 Nd5 29. e6 fxe6 30. Bg4 Rf8 31. Bxe6+ Kh8 32. Qd4 Re8 33. Kf1 Qxh2 34. Re4 Nf4 35. Rxf4 Qh1+ 36. Ke2 Rxe6+ 37. Re4 Qh5+ 38. f3 Qe8 39. Kd3 h6 40. Qb6 Rd6+ 41. Ke3 Qd7 42. Qxa6 Rd3+ 43. Kf2 Rxc3 44. Qa8+ Kh7 45. a6 Rc2+ 46. Kg1 Qd1+ 47. Kh2 Qxf3 0-1

[Event "Buenos Aires Duchamp Boca op 3rd"]
[Site "Buenos Aires"]
[Date "2013.06.25"]
[Round "5"]
[White "Quenallata, Luciano"]
[Black "Mussanti, Diego"]
[Result "0-1"]
[WhiteElo "2168"]
[BlackElo "2310"]
[PlyCount "112"]
[EventDate "2013.06.20"]
[EventType "swiss"]
[EventRounds "9"]
[EventCountry "ARG"]
[SourceTitle "CBM 155 Extra"]
[Source "ChessBase"]
[SourceDate "2013.08.26"]
[SourceVersion "1"]
[SourceVersionDate "2013.08.26"]
[SourceQuality "1"]

1. c4 e6 2. d4 d5 3. Nc3 Nf6 4. Nf3 Be7 5. g3 0-0 6. Bg2 dxc4 7. 0-0 Nc6 8. e4 Rb8 9. d5 exd5 10. exd5 Nb4 11. Ne5 Bf5 12. a3 Nd3 13. Nxc4 Qd7 14. Be3 b6 15. Qd2 Ng4 16. Ne2 Nxe3 17. Nxe3 Bg6 18. h4 h6 19. Nc4 Bf6 20. Nc3 Nc5 21. Qf4 Nd3 22. Qd2 Rfe8 23. Rad1 a5 24. Kh2 Rbd8 25. Bh3 Qe7 26. d6 cxd6 27. Nxb6 Qb7 28. Ncd5 Bd4 29. Bg2 Qa6 30. Na4 Qc4 31. Nac3 Bxc3 32. Nxc3 Rb8 33. Rb1 Re5 34. Rfd1 Rbe8 35. Bf1 Qc5 36. Bxd3 Bxd3 37. Rbc1 Re2 38. Qxd3 Qxf2+ 39. Kh3 R8e3 40. Nxe2 Rxd3 41. Rxd3 Qf5+ 42. Kg2 Qxd3 43. Kf2 Qb3 44. Rc3 Qxb2 45. Ke3 d5 46. Kd3 Qb1+ 47. Kd2 Qe4 48. Rd3 f5 49. Nf4 g5 50. hxg5 hxg5 51. Nxd5 Qg2+ 52. Kc3 Qf2 53. Kc4 f4 54. gxf4 gxf4 55. Nf6+ Kf7 56. Ng4 Qe2 0-1

[Event "South America-ch U20"]
[Site "Asuncion"]
[Date "2013.05.20"]
[Round "5"]
[White "Aguero Centurion, Abel Alejandro"]
[Black "Quenallata, Luciano"]
[Result "0-1"]
[WhiteElo "1652"]
[BlackElo "2194"]
[PlyCount "78"]
[EventDate "2013.05.17"]
[EventType "swiss"]
[EventRounds "9"]
[EventCountry "PAR"]
[SourceTitle "CBM 154 Extra"]
[Source "ChessBase"]
[SourceDate "2013.06.25"]
[SourceVersion "2"]
[SourceVersionDate "2013.06.25"]
[SourceQuality "1"]

1. d4 c5 2. d5 Nf6 3. c4 g6 4. Nf3 Bg7 5. Nc3 0-0 6. e4 d6 7. Bd3 e6 8. h3 exd5 9. exd5 Re8+ 10. Be3 Bh6 11. 0-0 Bxe3 12. fxe3 Qe7 13. Re1 Nbd7 14. Nb5 Rd8 15. e4 Ne5 16. Nxe5 Qxe5 17. Qf3 Bd7 18. Rf1 Kg7 19. Nc3 Rf8 20. Rf2 Be8 21. Re1 Nd7 22. Qf4 f6 23. Ne2 Qxf4 24. Nxf4 Ne5 25. Be2 Bd7 26. b3 b5 27. Nd3 Nxd3 28. Bxd3 a6 29. a3 Rab8 30. Kh2 bxc4 31. Bxc4 Bb5 32. Bxb5 axb5 33. Rb1 Rb7 34. b4 c4 35. Rf3 Re7 36. Re1 f5 37. Rfe3 Rfe8 38. e5 Rxe5 39. Rxe5 Rxe5 0-1

[Event "South America-ch U20"]
[Site "Asuncion"]
[Date "2013.05.18"]
[Round "2"]
[White "Quenallata, Luciano"]
[Black "Heinechen, Juan"]
[Result "1-0"]
[WhiteElo "2194"]
[BlackElo "1596"]
[PlyCount "59"]
[EventDate "2013.05.17"]
[EventType "swiss"]
[EventRounds "9"]
[EventCountry "PAR"]
[SourceTitle "CBM 154 Extra"]
[Source "ChessBase"]
[SourceDate "2013.06.25"]
[SourceVersion "2"]
[SourceVersionDate "2013.06.25"]
[SourceQuality "1"]

1. d4 d5 2. Nf3 Nf6 3. Bf4 c6 4. e3 Bg4 5. c4 e6 6. Nbd2 Bd6 7. Bg3 Ne4 8. Be2 Bxf3 9. Bxf3 Nxd2 10. Qxd2 dxc4 11. a4 Qe7 12. 0-0 Nd7 13. Qc2 Bxg3 14. hxg3 Qb4 15. a5 h5 16. a6 b5 17. Bxc6 Rc8 18. Bxd7+ Kxd7 19. d5 h4 20. dxe6+ fxe6 21. Rfd1+ Ke7 22. Qg6 Qxb2 23. Qg5+ Qf6 24. Qxb5 Kf7 25. Qb7+ Kg6 26. Rd4 hxg3 27. fxg3 c3 28. Rf4 Qe5 29. Qf7+ Kg5 30. Ra5 1-0

[Event "South America-ch U20"]
[Site "Asuncion"]
[Date "2013.05.17"]
[Round "1"]
[White "Iermito, Sebastian"]
[Black "Quenallata, Luciano"]
[Result "1-0"]
[WhiteElo "2464"]
[BlackElo "2194"]
[PlyCount "135"]
[EventDate "2013.05.17"]
[EventType "swiss"]
[EventRounds "9"]
[EventCountry "PAR"]
[SourceTitle "CBM 154 Extra"]
[Source "ChessBase"]
[SourceDate "2013.06.25"]
[SourceVersion "2"]
[SourceVersionDate "2013.06.25"]
[SourceQuality "1"]

1. e4 c5 2. Nf3 a6 3. c3 d6 4. d4 cxd4 5. cxd4 g6 6. Bc4 Bg7 7. 0-0 Nf6 8. Qe2 0-0 9. Nc3 b5 10. Bb3 Nc6 11. e5 Ne8 12. Qe4 Bb7 13. e6 f5 14. Qh4 Nf6 15. Nd5 Na5 16. Nxf6+ Bxf6 17. Ng5 Bxg5 18. Bxg5 Re8 19. Bd1 Be4 20. Re1 Qb6 21. Bxe7 Qb7 22. Bxd6 Rxe6 23. Bb4 Nc4 24. f3 Bd5 25. Rxe6 Bxe6 26. Bb3 Qf7 27. Bxc4 Bxc4 28. b3 Bd5 29. Bd6 Rc8 30. Re1 Re8 31. Rc1 Qe6 32. Be5 Qe7 33. Qh6 Qf8 34. Qg5 Qe7 35. Qd2 Bf7 36. Rc7 Qd8 37. Qc1 Qh4 38. Kf1 a5 39. Qc6 Qd8 40. Rd7 Qg5 41. Qc3 b4 42. Qc6 a4 43. Rc7 axb3 44. axb3 Qd2 45. Qf6 Qd1+ 46. Kf2 Qd2+ 47. Kg3 f4+ 48. Bxf4 Qe1+ 49. Kg4 Qe6+ 50. Qxe6 Bxe6+ 51. Kg3 Bxb3 52. Rb7 Bd5 53. Rxb4 Kg7 54. Be5+ Kf7 55. Rb6 Re6 56. Rb5 Bc6 57. Ra5 g5 58. d5 Rxe5 59. Ra7+ Kf6 60. dxc6 h5 61. h4 Rc5 62. Rc7 Rc3 63. hxg5+ Kxg5 64. Rc8 h4+ 65. Kh2 Kg6 66. c7 Kg7 67. f4 Kh7 68. f5 1-0

[Event "Latin Cup"]
[Site "Montevideo"]
[Date "2011.11.01"]
[Round "1"]
[White "Quenallata, Luciano"]
[Black "Milan, Julio"]
[Result "1-0"]
[WhiteElo "2217"]
[BlackElo "1682"]
[PlyCount "69"]
[EventDate "2011.11.01"]
[EventType "swiss"]
[EventRounds "9"]
[EventCountry "URU"]
[SourceTitle "EXT 2012"]
[Source "ChessBase"]
[SourceDate "2011.11.24"]
[SourceVersion "1"]
[SourceVersionDate "2011.11.24"]
[SourceQuality "1"]

1. c4 Nf6 2. Nc3 c6 3. e4 d6 4. d4 g6 5. Be2 Bg7 6. f4 0-0 7. Nf3 h6 8. 0-0 Na6 9. e5 Nh7 10. Be3 Nc7 11. d5 Bg4 12. Qd2 Bxf3 13. Bxf3 dxe5 14. fxe5 Bxe5 15. Bxh6 Re8 16. dxc6 Qxd2 17. Bxd2 b6 18. Rfd1 Nf8 19. Rac1 Nfe6 20. Be3 Rad8 21. b4 Nd4 22. Nd5 Nxf3+ 23. gxf3 e6 24. Nxc7 Bxc7 25. a4 Rd6 26. Rxd6 Bxd6 27. c5 bxc5 28. Bxc5 Bb8 29. b5 Rc8 30. Be3 f5 31. a5 Rd8 32. b6 axb6 33. axb6 Rd3 34. c7 Bxc7 35. bxc7 1-0

[Event "Buenos Aires Bolivar op 4th"]
[Site "Buenos Aires"]
[Date "2011.06.23"]
[Round "9"]
[White "Quenallata, Luciano"]
[Black "Mahia, Gustavo"]
[Result "0-1"]
[WhiteElo "2210"]
[BlackElo "2364"]
[PlyCount "124"]
[EventDate "2011.06.13"]
[EventType "swiss"]
[EventRounds "9"]
[EventCountry "ARG"]
[SourceTitle "EXT 2014"]
[Source "ChessBase"]
[SourceDate "2013.11.20"]
[SourceVersion "1"]
[SourceVersionDate "2013.11.20"]
[SourceQuality "1"]

1. e4 d6 2. f4 g6 3. Nf3 Bg7 4. g3 c5 5. Bg2 Nc6 6. 0-0 Nf6 7. Nc3 0-0 8. d3 Qb6 9. h3 Nd4 10. Kh2 e6 11. Ne2 Nxf3+ 12. Bxf3 Bd7 13. Rb1 Bc6 14. Be3 a5 15. a3 a4 16. c3 Qc7 17. Qc2 Rfe8 18. g4 Nd7 19. Ng3 f5 20. Rbe1 fxe4 21. dxe4 Rf8 22. Rd1 Rad8 23. Kg2 b5 24. h4 Nb6 25. h5 Nc4 26. Bc1 g5 27. f5 h6 28. fxe6 Qe7 29. Nf5 Qxe6 30. Kh3 Be5 31. Bg2 Rf6 32. Rf2 Rdf8 33. Rdf1 Kh7 34. Qd3 Be8 35. Qd5 Qd7 36. Bf3 Bf7 37. Qd1 Be6 38. Be2 Qb7 39. Bf3 Qf7 40. Bg2 Bf4 41. Bxf4 gxf4 42. Rxf4 Ne3 43. Qb1 Nxf1 44. Bxf1 Bxf5 45. exf5 Re8 46. Re4 d5 47. Rxe8 Qxe8 48. Qd3 Rd6 49. f6+ Qe4 50. Qg3 Qe6 51. f7 Kg7 52. Qf4 Qf6 53. f8Q+ Kxf8 54. Qxf6+ Rxf6 55. Bxb5 Rb6 56. Bxa4 Rxb2 57. Bc6 Rb3 58. Bxd5 Rxc3+ 59. Kg2 Rxa3 60. Kf2 Ke7 61. Ke2 Rg3 62. Bf3 Kf6 0-1

[Event "ARG-ch U20"]
[Site "Argentina"]
[Date "2010.04.29"]
[Round "3"]
[White "Quenallata, Luciano"]
[Black "Fernandez, Maria Florencia"]
[Result "1/2-1/2"]
[WhiteElo "2181"]
[BlackElo "2097"]
[PlyCount "146"]
[EventDate "2010.04.28"]
[EventType "swiss"]
[EventRounds "7"]
[EventCountry "ARG"]
[SourceTitle "EXT 2012"]
[Source "ChessBase"]
[SourceDate "2011.11.24"]
[SourceVersion "1"]
[SourceVersionDate "2011.11.24"]
[SourceQuality "1"]

1. c4 Nf6 2. Nf3 g6 3. g3 d6 4. Bg2 Bg7 5. 0-0 0-0 6. Nc3 e5 7. d4 Nbd7 8. e4 Re8 9. d5 Nc5 10. Qc2 a5 11. Rb1 Nh5 12. b3 f5 13. Bg5 Bf6 14. Bxf6 Qxf6 15. a3 f4 16. b4 axb4 17. axb4 Na6 18. c5 g5 19. Rfc1 Rf8 20. Na4 Bg4 21. Ne1 Rf7 22. b5 fxg3 23. fxg3 Nxc5 24. Nxc5 dxc5 25. Qxc5 b6 26. Qc2 Raf8 27. Nd3 Ng7 28. Qb2 Re8 29. Rf1 Qd6 30. Rxf7 Kxf7 31. Rc1 Bd7 32. Qc3 Bxb5 33. Qxc7+ Qxc7 34. Rxc7+ Kf6 35. Nf2 h5 36. Rb7 Be2 37. Rxb6+ Kf7 38. Nh3 g4 39. Ng5+ Kg8 40. Bf1 Bxf1 41. Kxf1 Ra8 42. Ke2 Ne8 43. Re6 Kf8 44. Rxe5 Ra2+ 45. Ke3 Rxh2 46. Ne6+ Kf7 47. Kf4 Nf6 48. Kg5 Nh7+ 49. Kf5 h4 50. Kxg4 Nf6+ 51. Kf3 h3 52. Nf4 Rh1 53. Nxh3 Rxh3 54. d6 Rh1 55. Re7+ Kf8 56. e5 Ne8 57. Ke4 Rd1 58. Rd7 Ng7 59. Ra7 Ne8 60. Rd7 Ng7 61. g4 Rd2 62. g5 Re2+ 63. Kd5 Rd2+ 64. Kc6 Rc2+ 65. Kb7 Rb2+ 66. Kc8 Ne6 67. g6 Rc2+ 68. Kb8 Rb2+ 69. Rb7 Rxb7+ 70. Kxb7 Kg7 71. Kc6 Kxg6 72. d7 Kf7 73. Kd6 Nd8 1/2-1/2

[Event "ARG-ch U20"]
[Site "Argentina"]
[Date "2010.04.28"]
[Round "2"]
[White "Martinez de Negri, Agustin Gonzalo"]
[Black "Quenallata, Luciano"]
[Result "0-1"]
[WhiteElo "2001"]
[BlackElo "2181"]
[PlyCount "52"]
[EventDate "2010.04.28"]
[EventType "swiss"]
[EventRounds "7"]
[EventCountry "ARG"]
[SourceTitle "EXT 2012"]
[Source "ChessBase"]
[SourceDate "2011.11.24"]
[SourceVersion "1"]
[SourceVersionDate "2011.11.24"]
[SourceQuality "1"]

1. e4 c5 2. Nf3 d6 3. d4 cxd4 4. Nxd4 Nf6 5. Nc3 g6 6. Be3 Bg7 7. f3 Nc6 8. Qd2 0-0 9. 0-0-0 Nxd4 10. Bxd4 Be6 11. Kb1 Qc7 12. h4 Rfc8 13. g4 Qa5 14. h5 Rxc3 15. Qxc3 Qxa2+ 16. Kc1 Rc8 17. Qe3 Qa4 18. Rh2 Bb3 19. Bc3 Be6 20. hxg6 hxg6 21. Bd3 Rxc3 22. Rdh1 Qa1+ 23. Kd2 Qxb2 24. Qxa7 Qb4 25. Ke2 Rc8 26. Qe3 Bc4 0-1

[Event "Buenos Aires CC Argentino"]
[Site "Buenos Aires"]
[Date "2010.03.25"]
[Round "5"]
[White "Fabian, Gaston"]
[Black "Quenallata, Luciano"]
[Result "1/2-1/2"]
[WhiteElo "2190"]
[BlackElo "2181"]
[PlyCount "72"]
[EventDate "2010.03.15"]
[EventType "tourn"]
[EventRounds "11"]
[EventCountry "ARG"]
[SourceTitle "EXT 2019"]
[Source "ChessBase"]
[SourceDate "2018.10.10"]
[SourceVersion "1"]
[SourceVersionDate "2018.10.10"]
[SourceQuality "1"]

1. d4 Nf6 2. c4 e6 3. Nc3 d5 4. cxd5 exd5 5. Bg5 Be7 6. e3 c6 7. Qc2 h6 8. Bh4 0-0 9. Bd3 Re8 10. Nge2 Ne4 11. Bxe7 Qxe7 12. Bxe4 dxe4 13. Ng3 f5 14. 0-0 Be6 15. f3 Qg5 16. fxe4 Qxe3+ 17. Kh1 Nd7 18. d5 cxd5 19. exd5 Bf7 20. Nxf5 Qg5 21. Nd6 Bg6 22. Qc1 Red8 23. Qxg5 hxg5 24. Nf5 Re8 25. Nd4 Nf6 26. Ne6 Rab8 27. Nxg5 b5 28. a3 a5 29. b4 Rec8 30. Rfc1 axb4 31. axb4 Rc4 32. Nf3 Rxb4 33. Ne5 Be8 34. Nc6 Bxc6 35. dxc6 Rc8 36. Rab1 Rc4 1/2-1/2

[Event "Buenos Aires CC Argentino"]
[Site "Buenos Aires"]
[Date "2010.03.18"]
[Round "3"]
[White "Cori Quispe, Kevin Joel"]
[Black "Quenallata, Luciano"]
[Result "1/2-1/2"]
[WhiteElo "1868"]
[BlackElo "2181"]
[PlyCount "116"]
[EventDate "2010.03.15"]
[EventType "tourn"]
[EventRounds "11"]
[EventCountry "ARG"]
[SourceTitle "EXT 2019"]
[Source "ChessBase"]
[SourceDate "2018.10.10"]
[SourceVersion "1"]
[SourceVersionDate "2018.10.10"]
[SourceQuality "1"]

1. e4 c5 2. Nf3 d6 3. d4 cxd4 4. Nxd4 Nf6 5. Nc3 g6 6. Be3 Bg7 7. f3 Nc6 8. Qd2 0-0 9. Bc4 Bd7 10. 0-0-0 Rb8 11. g4 b5 12. Bb3 Ne5 13. Bh6 Nc4 14. Bxc4 bxc4 15. Bxg7 Kxg7 16. Nd5 e6 17. Nxf6 Qxf6 18. h4 c3 19. Qxc3 Rfc8 20. Qe3 Rb7 21. h5 Ba4 22. b3 Be8 23. hxg6 fxg6 24. f4 e5 25. fxe5 Qxe5 26. Kb1 Rbc7 27. Qh6+ Kg8 28. Rdf1 Rg7 29. Qf4 Bd7 30. Qxe5 dxe5 31. Nf3 Bxg4 32. Nxe5 Be2 33. Re1 Ba6 34. Re3 Re8 35. Ng4 Re6 36. e5 Rge7 37. Rhe1 Kg7 38. Nf6 Bb7 39. c4 g5 40. b4 Kg6 41. b5 Kf5 42. Rf1+ Kg6 43. Rfe1 Rc7 44. Rc1 Rce7 45. Rce1 h5 46. c5 g4 47. c6 Bc8 48. Kc2 Kg5 49. Kd3 h4 50. Re4 g3 51. Kd4 Rxf6 52. exf6 Rf7 53. Re7 Rxf6 54. Rxa7 Rg6 55. Kc5 h3 56. Rh7 Rh6 57. Rg7+ Rg6 58. Rh7 Rh6 1/2-1/2